000 00618nam a2200241Ia 4500
003 OSt
005 20220918185120.0
006 a|||||r|||| 00| 0
007 ta
008 220917b |||||||| |||| 00| 0 eng d
024 _a49,613
037 _cTextual
040 _aARTS
_cARTS
_beng
041 _2eng
_aeng
082 _aP,7:2z7, M6
100 _aQurik R
_967820
245 0 _aWorlds at work
_b lectures on textual structure
260 _aEssex
_bLongman
_c1986
300 _a137p.
_ccm.
650 _aLINGUISTICS
942 _hP,7:2z7, M6
_cTEXL
_2CC
999 _c179235
_d179235